000
00288nam a22001337a 4500
008
210518b ||||| |||| 00| 0 eng d
041
_a
eng
080
_a
574
082
_a
574
100
_a
9
101
_a
MJE
245
_a
Studies in Human Ecology
_c
Theodorson,G.A
942
_2
udc
_c
BK
999
_c
57416
_d
57416